LEADER 01115nam a2200253 i 4500 001 000000034897 003 CaOOAMICUS 005 20240424114339.0 008 041005s1985 it u000 u ita u 013 $a2253 040 $aSeMil$bita 245 10$aEucarestia :$bpiccole immagini popolari. 250 $aEsemplare n. 125. 260 $aCampofilone (AP) :$bCooperativa Culturale Confronto e Rinnovamento,$c1985. 300 $a123 p. :$briccamente ill. ;$c21x22 cm. 500 $aIn occhietto : Selezioni di immagini. - Catalogo della 5. Mostra delle Immaginette Sacre tenuta a Campofilone nel 1985. 650 4$aEucaristia - Iconografia.$0(OLS)http://semarc/subject/6117 650 4$aImmagini sacre.$0(OLS)http://semarc/subject/6118 850 $aSeMil 852 $aSeMil$W1$xVenegono$y1$m5H XVI 124$j1052$B1052$CSeMilBibl$Z2$F1052 $81 961 $aOmaggio: Donazione 996 $6245$aEucarestia :$bpiccole immagini popolari$9(OLS)http://semarc/title/47443 996 $6260$aCampofilone (AP) :$bCooperativa Culturale Confronto e Rinnovamento$9(OLS)http://semarc/publisher/39717 LEADER 00578nam a2200181 i 4500 001 000000111852 003 CaOOAMICUS 005 20030214000000.0 008 030214n it u000 u ita u 013 $a84534 040 $aSeMil$bita 245 10$a2. 300 $a350 p. 773 0 $aBosco, Giovanni $tScritti spirituali.$b2. ed.$dRoma : Cittą Nuova, copyr. 1976.$w()8479 850 $aSeMil 852 $aSeMil$W1$xVenegono$y1$m3H I 305 -$j67662$B67662$CSeMilBibl$Z2$F73870 $81 961 $aOmaggio: Donazione 996 $6245$a2$9(OLS)http://semarc/title/46889 LEADER 01133nam a2200265 4500 001 000000367260 003 CaOOAMICUS 005 20260416141743.0 008 260415s2011 it a 000 u ita r 020 $a978-88-97202-04-2 040 $aSeMil$bita 100 1 $aZacchei, Alessia.$0(OLS)http://semarc/name/124143 245 10$aViaggio in Valle d'Aosta :$buna guida GourmArt che si legge come un libro /$cAlessia Zacchei. 264 1$aLucca :$bCinquesensi,$c2011. 300 $a287 p. :$bill. ;$c24 cm 490 1 $aGuide GourmArt 650 4$aValle d'Aosta - Guide.$0(OLS)http://semarc/subject/28026 830 0$aGuide GourmArt.$0(OLS)http://semarc/title/459159 850 $aSeMil 852 $aSeMil$W1$xVenegono$y1$m4Y III 203$j270304$B257975$CSeMilBibl$Z2$F257975 $81 961 $aCaspani Maurizio - Lascito 996 $6020$a978-88-97202-04-2$9(OLS)http://semarc/number/305676 996 $6245$aViaggio in Valle d'Aosta :$buna guida GourmArt che si legge come un libro$9(OLS)http://semarc/title/459157 996 $6264$aLucca :$bCinquesensi$9(OLS)http://semarc/publisher/63000